000 00536nam a22001817a 4500
005 20240723130447.0
008 240723b |||||||| |||| 00| 0 eng d
020 _a9788123919867
082 _a612
_bRAN-P
100 _aRanganathan Sushilee
245 _aPrinciples of Medicinal Chemistry including Proteomics /
_cRanganathan Sushilee, Jerad Suresh
260 _aIndia:
_bCBS;
_c2011
300 _aviii,496p.
_bill;
_c24 cm.
500 _ainclude index .
650 _aMedical / Chemistry
700 _aJerad Suresh
999 _c36193
_d36193